Brief jako základní komunikační prvek mezi klientem a agenturou

Definícia vzťahu klienta a agentúry. Charakteristické znaky tohoto vzťahu. Brief ako kľúčový prvok spolupráce. Klient a kreatívny brief.

Enregistré dans:
Détails bibliographiques
Auteur principal: Pátík, Ladislav
Format: Chapitre de livre
Langue:tchèque
Sujets:
Tags: Ajouter un tag
Pas de tags, Soyez le premier à ajouter un tag!

MARC

LEADER 00000naa a2200000 4500
001 0304564
005 20241014103415.1
041 0 |a cze 
044 |a CZ 
245 1 0 |a Brief jako základní komunikační prvek mezi klientem a agenturou  |c Ladislav Pátík 
520 |a Definícia vzťahu klienta a agentúry. Charakteristické znaky tohoto vzťahu. Brief ako kľúčový prvok spolupráce. Klient a kreatívny brief. 
610 2 0 |a brief 
610 2 0 |a agentúry 
610 2 0 |a komunikácia marketingová 
100 1 |a Pátík, Ladislav